00998nam a2200241 a 450000100080000000500110000800800410001910000170006024500810007726000320015830000090019049000360019952003740023565300110060965300180062065300100063865300150064865300190066370000200068270000200070270000160072270000180073810314372021-04-26 2004 bl uuuu u0uu1 u #d1 aRAMOS, C. I. aParasitoses de bovinos e ovinosbepidemiologia e controle em Santa Catarina. aFlorianopolis: Epagric2004 a55p. a(Epagri. Boletim Tecnico, 121). aCarrapato (Boophilus microplus). Verminose (Helmintoses gastrintestinais e pulmonares. Berne (Dermatobia hominis). Mosca-dos-chifres (Haematobia irritans). Tristeza parasitaria bovina. Importancia das racas quanto as parasitoses. Trabalhos desenvolvidos com as parasitoses de ovinos. Controle integrado do carrapato, berne e verminose bovina. Recomendacoes importantes. aBovino aEpidemiologia aOvino aParasitose aSanta Catarina1 aSOUZA, A. P. de1 aDALAGNOL, C. A.1 aBELLATO, V.1 aSARTOR, A. A.